Statistiques concernant Paroles (Difficile) We will rock you de Queen

Cliquez ici pour prendre le quiz!

Statistiques générales

  • Ce quiz a été pris 290 fois
  • Le résultat moyen est 115 sur 156

Statistiques - réponses

Réponse% Correct
You
100%
Rock
98%
We
98%
Will
98%
A
92%
Big
88%
Your
87%
The
85%
On
82%
Disgrace
80%
Face
80%
Man
72%
Sing
70%
Buddy
67%
In
67%
Some
67%
All
64%
Place
63%
Got
62%
Over
62%
Be
61%
Street
60%
Mud
59%
You're
59%
Someday
57%
Boy
56%
Blood
52%
Gonna
52%
Kicking
51%
Singing
51%
Young
51%
An
49%
Noise
47%
Old
45%
Poor
44%
Make
43%
Playing
43%
Can
40%
It
40%
Hard
39%
World
36%
Somebody
30%
Take
28%
Waving
28%
Into
26%
Banner
25%
Put
25%
Better
24%
With
24%
Back
23%
Peace
22%
Everybody
20%
Shouting
20%
Eyes
18%
Alright
16%
Pleading
13%
Out
9%

Distribution des résultats

Percentile par nombre de réponses

% des personnes avec chaque résultat

Votre développement - résultats

Vous n’avez pas pris ce quiz